Granger Causality Stock Market Networks: Temporal Proximity and Preferential Attachment

Štruktúra rozdelenia ziskov skúmaná konštrukciou sietí Grangerovej kauzality použitím zatváracích cien 20 najrozvinutejších trhov.

Gespeichert in:
Bibliographische Detailangaben
1. Verfasser: Výrost, Tomáš, 1978-
Weitere Verfasser: Lyócsa, Štefan, 1982-, Baumöhl, Eduard, 1982-
Format: Buchkapitel
Sprache:Englisch
Schlagworte:
Tags: Tag hinzufügen
Keine Tags, Fügen Sie das erste Tag hinzu!

MARC

LEADER 00000naa a2200000 4500
001 0211879
005 20250507083346.5
041 0 |a eng 
044 |a NL 
245 1 0 |a Granger Causality Stock Market Networks: Temporal Proximity and Preferential Attachment  |c Tomáš Výrost, Štefan Lyócsa, Eduard Baumöhl 
520 |a Štruktúra rozdelenia ziskov skúmaná konštrukciou sietí Grangerovej kauzality použitím zatváracích cien 20 najrozvinutejších trhov. 
610 2 0 |a siete obchodné 
610 2 0 |a trh akciový 
100 1 |a Výrost, Tomáš, 1978- 
700 1 |a Lyócsa, Štefan, 1982- 
700 1 |a Baumöhl, Eduard, 1982-